[Event "FIDE WCC 2018"]
[Site "Khanty-Mansiysk"]
[Date "2018.11.03"]
[Round "1.1"]
[White "Batsiashvili, Nino"]
[Black "Arakhamia-Grant, Ketevan"]
[Result "1-0"]
[WhiteElo "2465"]
[BlackElo "2373"]
[Annotator "TA"]
[PlyCount "63"]
[EventDate "2018.11.03"]
[EventType "k.o."]
[EventCountry "RUS"]
[SourceTitle "playchess.com"]
[Source "ChessBase"]
[SourceQuality "1"]

{[%evp 15,63,1,7,0,8,-2,0,0,0,0,0,-12,-7,-27,17,-35,-36,-43,-33,-51,-37,-51,0,0,0,0,0,0,0,-2,20,0,16,0,0,0,0,0,166,183,326,352,502,365,29988,29989,29989,29990,29997,29998]} 1. d4 d5 2. Nf3 Nf6 3. c4 dxc4 4. e3 Bg4 5. Bxc4 e6 6. Nbd2 Nbd7 7. h3 {D25: Queen's Gambit Accepted: 4 e3: sidelines and 4...Bg4} Bh5 8. O-O c5 {LiveBook: 3 Games} 9. dxc5 {The position is equal.} Bxc5 10. a3 O-O 11. b4 Be7 12. Bb2 a5 13. b5 a4 $146 ({Predecessor:} 13... Nd5 14. Rc1 N7b6 15. Be2 {½-½ (36) Zoler,D (2460)-Zifroni,D (2490) Tel Aviv 1996}) 14. Qe2 Bc5 15. e4 ({Better is} 15. g4 $11 Bg6 16. Nh4) 15... Qe7 $15 16. e5 Nd5 17. Bxd5 exd5 18. Qd3 Bg6 ({Black should try} 18... Rfd8 $15) 19. Qxd5 $11 Nb6 {[%cal Bd7b6,Bb6d5,Bd5f4][%mdl 32]} 20. Qa2 Rfd8 21. Rfe1 $1 Rac8 22. Rac1 Nd5 {next ...Nf4 is good for Black.} 23. Rc4 Qe6 24. Rxa4 Qb6 $1 25. Nd4 Nf4 26. N2f3 Bd3 $2 {[#]} (26... Bh5 $11 27. e6 Nxe6 28. Nxe6 Bxf2+ 29. Kh2 (29. Kh1 fxe6 30. Bd4 Bxd4 $11) 29... Bxf3 30. Nxd8 Rxd8) 27. e6 $1 $18 {[%cal Re6f7]} fxe6 (27... Bg6 $142 28. Ng5 (28. e7 Re8 $14) 28... Nxe6 29. Ngxe6 Re8) 28. Nxe6 Bxf2+ (28... Nxe6 $142 29. Rxe6 Bc4 30. Rxb6 Bxa2 31. Rxb7 Bf8) 29. Kh1 Rc4 $2 (29... Nxe6 $18 30. Rxe6 Bc4 31. Rxb6 Bxa2 32. Rxb7 Rc4) 30. Rxc4 {White mates.} Nxe6 {[#]} 31. Rc6 $1 {[%mdl 512]} bxc6 32. Qxe6+ {Precision: White = 44%, Black = 43%.} 1-0

[Event "FIDE WCC 2018"]
[Site "Khanty-Mansiysk"]
[Date "2018.11.03"]
[Round "1.1"]
[White "Pogonina, Natalija"]
[Black "Kulkarni Bhakti"]
[Result "1-0"]
[WhiteElo "2465"]
[BlackElo "2256"]
[Annotator "TA"]
[PlyCount "126"]
[EventDate "2018.11.03"]
[EventType "k.o."]
[EventCountry "RUS"]
[SourceTitle "playchess.com"]
[Source "ChessBase"]
[SourceQuality "1"]

{[%evp 21,126,15,25,17,44,33,54,28,35,30,30,36,28,25,19,24,33,10,10,14,31,30,33,27,37,37,40,18,30,0,0,0,0,1,0,0,51,51,52,52,58,54,67,66,120,101,110,106,106,114,114,95,114,114,114,114,114,114,125,122,564,566,556,554,554,523,477,451,425,388,1112,1046,1016,581,956,1103,1012,965,1938,1920,1897,1650,1689,1435,1871,29954,29963,29962,29969,29971,29969,29968,29971,29970,29977,29978,29979,29980,29980,29982,29982,29983,29984,29985,29986,29987,29988]} 1. Nf3 d5 2. g3 c6 3. Bg2 Nf6 4. c4 Bg4 5. O-O Nbd7 6. cxd5 cxd5 7. Nc3 e6 8. Qb3 {A11: English Opening: 1...c6} (8. d3 Bc5 9. h3 Bh5 10. e4 dxe4 11. dxe4 O-O 12. Qe2 Bxf3 13. Bxf3 Ne5 14. Rd1 Qb6 15. Bg2 Bd4 16. Bd2 {0-1 (40) Wagner,D (2564)-Nakamura,H (2781) Douglas 2017}) 8... Bxf3 9. Bxf3 Qb6 10. Qxb6 Nxb6 11. d3 a6 {LiveBook: 3 Games} 12. Bf4 Bc5 13. Rac1 $146 ({Predecessor:} 13. Rfc1 Rc8 {1-0 (73) Rausis,I (2578)-Tarasova,V (2234) Riga 2014}) 13... Nfd7 14. e4 {[%cal Re4d5]} e5 15. Bd2 d4 16. Nb1 {[%cal Bc3b1,Bb1a3,Ba3c4][%mdl 32]} Ke7 17. Bg4 Bd6 18. Na3 Rac8 19. Ba5 Rxc1 20. Rxc1 f6 21. Kf1 Rc8 22. Rxc8 Nxc8 23. Nc4 Bc5 24. Bc7 Nd6 25. Na5 Bb4 26. Bxd6+ Kxd6 27. Nxb7+ $11 {[%mdl 4096] Endgame KBN-KBN} Kc7 28. a3 Bd2 (28... Nb8 $11) 29. Bxd7 $14 {[#] And now Nc5 would win.} Kxb7 {KB-KB} 30. b4 Bc1 31. a4 Ba3 32. b5 a5 ({Better is} 32... Bb4 $14) 33. Ke2 $16 Bb4 34. f4 Kc7 35. Be8 Kd8 36. Bc6 Bc5 37. Kf3 Ke7 38. Bd5 exf4 39. gxf4 Bd6 40. Bg8 g5 $2 {[%mdl 8192]} (40... h6 $16 41. Kg4 g6) 41. Bxh7 $18 Bc7 42. Bf5 gxf4 43. h4 Kf7 44. Ke2 Kg7 45. Bg4 Kh6 $2 (45... Bd8 46. Bd7 Bc7) 46. Kd1 Bd8 47. Kc2 f5 48. exf5 Bxh4 49. b6 {[%cal Bb5b6,Bb6b7][%mdl 32] [#] Strongly threatening b7.} Bf6 50. b7 Be5 51. Kb3 Kg5 52. Kc4 f3 53. Bxf3 Kxf5 {White mates.} 54. Kd5 Kf6 55. Bg4 Bb8 56. Kxd4 Ke7 57. Kd5 Kd8 58. Kc6 Ke7 59. d4 Kd8 60. Kb6 Ke7 61. Kxa5 Kd6 62. Kb6 Kd5 63. a5 Ke4 {Precision: White = 85%, Black = 39%.} 1-0

[Event "FIDE WCC 2018"]
[Site "Khanty-Mansiysk"]
[Date "2018.11.03"]
[Round "1.1"]
[White "Lei, Tingjie"]
[Black "Gara, Anita"]
[Result "1/2-1/2"]
[WhiteElo "2457"]
[BlackElo "2370"]
[Annotator "TA"]
[PlyCount "96"]
[EventDate "2018.11.03"]
[EventType "k.o."]
[EventCountry "RUS"]
[SourceTitle "playchess.com"]
[Source "ChessBase"]
[SourceQuality "1"]

{[%evp 14,96,18,10,39,37,28,28,34,0,27,0,16,0,0,0,0,0,19,-10,108,101,96,79,160,151,260,188,253,183,230,195,184,159,162,154,153,106,94,92,182,92,100,81,76,0,0,0,23,0,111,109,102,103,127,-22,-22,-15,-10,-109,-97,-105,-118,-246,-250,-229,-172,-162,-47,-50,0,-117,-102,-142,-143,-143,-131,-89,-100,-80,-14,-243,-227,-203,-154]} 1. d4 d5 2. c4 dxc4 3. e4 {[%cal Be2e4,Be4e5][%mdl 32]} Nf6 4. e5 Nd5 5. Bxc4 Bf5 6. Ne2 {D20: Queen's Gambit Accepted: 3 e3 and 3 e4} e6 7. O-O Nb6 8. Bb3 {LiveBook: 9 Games. The position is equal.} c5 9. Be3 Nc6 $146 ({Predecessor:} 9... c4 10. Bxc4 Nxc4 11. Qa4+ Nd7 12. Qxc4 Rc8 13. Qa4 {1-0 (31) Nakamura,H (2781)-Sutovsky,E (2683) Douglas 2017}) 10. Nbc3 c4 11. Ba4 Rc8 12. Nf4 Be7 13. d5 Nxd5 14. Ncxd5 exd5 15. Qxd5 O-O {next ...g5 is good for Black.} 16. Qb5 Rc7 (16... a6 $11 17. Qxb7 Nxe5) 17. Rad1 $16 Qc8 18. Nd5 Rd7 (18... Bd3 $142) 19. Qxc4 Bd8 (19... Be6 $16 20. Nxe7+ Rxe7) 20. b4 a6 (20... Be6 $142 21. b5 Ne7 22. Qxc8 Nxc8) 21. Bb3 Qb8 22. f4 Ne7 23. Qe2 Nxd5 24. Bxd5 Rc7 25. g4 Bd7 26. Qg2 Be7 (26... Bb5 $16) 27. a3 (27. Bb6 $18) 27... Bb5 28. Rf2 Ba4 29. Rc1 (29. Ra1 $16) 29... Rxc1+ $11 30. Bxc1 Qc7 31. Bb2 a5 (31... Rd8 $11) 32. Qe4 $1 $16 (32. Bxb7 $6 Rd8 $11) 32... axb4 33. axb4 Qb6 34. Bc3 ({Worse is} 34. Bxb7 Rd8 $15) (34. e6 $16 fxe6 35. Qe5 (35. Bxe6+ Kh8 $16) (35. Qxe6+ Qxe6 36. Bxe6+ Kh8 $16)) 34... Bh4 $11 35. Bd4 Bxf2+ 36. Bxf2 (36. Kxf2 $11 {keeps the balance.} Qh6 37. Kg3) 36... Qc7 $1 $17 37. Bc5 Rd8 38. Bd6 (38. e6 $17 {might work better.} fxe6 39. Qxe6+ Kh8 40. Qf5) 38... Qc1+ $19 39. Kg2 Qd2+ 40. Kg3 Qc3+ (40... Rc8 $1 $19 {[%cal Rc8c3] ...Rc3+ is the strong threat.} 41. Bc5 (41. Bxf7+ $2 Kh8 $19) 41... Bc6 42. Bxc6 Rxc6) 41. Qf3 $1 $15 {[%cal Rf3c3]} Qd2 42. Bxb7 (42. Qe4 $1 $11 {remains equal.}) 42... Bd1 $17 43. Qf2 Qd3+ {[%mdl 1024] Black has strong compensation.} 44. Kh4 {[#] Threatening Qb6.} h6 $1 45. f5 Kh7 $40 {[%mdl 128] White is in trouble.} 46. Qf4 Bc2 (46... Qe2 $17) 47. Qf3 $2 {[#]} (47. Bc6 $11) 47... Qd4 $1 $19 48. f6 g5+ {Precision: White = 34%, Black = 47%.} 1/2-1/2

[Event "FIDE WCC 2018"]
[Site "Khanty-Mansiysk"]
[Date "2018.11.03"]
[Round "1.1"]
[White "Hoang, Thanh Trang"]
[Black "Danielian, Elina"]
[Result "1/2-1/2"]
[WhiteElo "2448"]
[BlackElo "2426"]
[Annotator "TA"]
[PlyCount "142"]
[EventDate "2018.11.03"]
[EventType "k.o."]
[EventCountry "RUS"]
[SourceTitle "playchess.com"]
[Source "ChessBase"]
[SourceQuality "1"]

{[%evp 20,142,7,0,0,0,0,0,0,0,0,-13,0,0,0,-11,-19,-19,-19,-21,19,25,33,13,19,18,29,25,21,22,28,28,28,28,28,28,28,28,26,24,24,31,16,15,8,11,27,6,24,8,10,8,31,31,42,33,31,27,50,73,142,150,133,78,78,78,78,77,80,80,80,80,77,77,77,77,77,79,81,81,78,71,71,57,60,71,71,68,71,71,114,103,95,96,97,103,138,138,137,43,43,43,41,40,161,63,483,483,74,78,895,4108,2214,309,287,8,8,8,8,8,8,8,8,8,8]} 1. d4 Nf6 2. Nf3 e6 3. e3 c5 4. Bd3 d5 5. b3 Nbd7 6. Bb2 b6 7. O-O Bb7 8. Nbd2 Be7 9. Ne5 O-O 10. Qf3 Rc8 {D05: Colle System with ...e6} 11. Qh3 {LiveBook: 7 Games} h6 (11... g6 12. Rad1 cxd4 13. exd4 Ne4 14. Nxd7 Qxd7 15. Bxe4 dxe4 16. c4 f5 17. d5 Rcd8 18. Qh6 Rf7 19. dxe6 Qxe6 20. Nb1 Rxd1 21. Rxd1 f4 22. Nc3 e3 23. Qh3 Qe5 24. Re1 Bb4 {0-1 (24) Rotstein,A (2489)-Brunello,S (2565) Llucmajor 2017}) 12. Rad1 cxd4 13. exd4 Ne4 14. Nxd7 $146 ({Predecessor:} 14. Ndf3 Ndf6 15. Bc1 Nh7 {0-1 (58) Borik,O (2415)-Nun,J (2385) Czechia 1995}) 14... Qxd7 15. Nf3 Qc7 16. Ne5 Bd6 17. a3 Bxe5 18. dxe5 Nc5 19. Rd2 Nxd3 20. Qxd3 Qc5 21. a4 Qb4 22. Ra1 {Threatening Ba3.} Ba6 23. Qe3 {Strongly threatening Ba3.} Qg4 24. a5 bxa5 25. h3 Qg6 26. Rxa5 Bb7 27. Rxa7 d4 $1 {[%csl Gb7][%cal Rg6g2]} 28. Qg3 Qxg3 29. fxg3 Be4 30. Bxd4 Rxc2 31. Rxc2 Bxc2 $11 {[%mdl 4096] Endgame KRB-KRB} 32. b4 Rd8 33. Bc5 Rd1+ 34. Kh2 Be4 35. Ra2 Rb1 36. g4 Bd5 37. Rd2 g5 38. Be7 Rb3 39. Rc2 f5 (39... Kh7 $142) 40. exf6 $16 Kf7 41. Rc7 ({White should play} 41. Bd8 $1) 41... e5 {[%cal Be6e5,Be5e4,Be4e3][%mdl 32]} 42. Bd8+ Ke8 43. Rc5 Rd3 44. Bc7 e4 45. Be5 {Hoping for Rc8+.} e3 {With the idea ...e2.} 46. Rc8+ Kf7 47. Rc7+ Ke8 48. Re7+ Kf8 49. Bd6 {aiming for Rxe3+.} Rd2 50. Rxe3+ Kf7 51. Kg1 Rxg2+ 52. Kf1 Kxf6 53. b5 {[%cal Bb4b5,Bb5b6][%mdl 32]} Rc2 54. b6 Rc1+ 55. Kf2 Rb1 56. Bc5 Rb2+ 57. Ke1 {And now Bd4+ would win.} Rb5 58. Bd4+ Kf7 59. Kd2 (59. Re5 $16) 59... Rb4 $1 $14 {[%cal Rb4d4]} 60. Bc5 Rb5 $1 {[%cal Rb5c5]} 61. Rc3 Kg6 (61... Ke6 $14) 62. Bd4 (62. Ke3 $18) 62... h5 $2 {[%mdl 8192] [#]} (62... Rb2+ $1 $14 63. Kd3 Rh2) 63. Rc5 $1 $18 {[%cal Rc5b5]} Rxc5 $2 (63... Rxb6 $18 64. Rxd5 Rb3) 64. Bxc5 $16 hxg4 65. hxg4 $18 {KB-KB} Kf6 66. Be3 Bf3 {[#]} 67. Kc3 $2 ({White must play} 67. Ke1 $1 $18 Bd5 68. Ke2) 67... Ke6 $11 {The position is equal.} 68. Kb4 Kd7 69. Kb5 {Threatens to win with Ka6.} Be2+ 70. Ka5 Kc8 71. Bxg5 Kb7 {Precision: White = 67%, Black = 61%.} 1/2-1/2

[Event "FIDE WCC 2018"]
[Site "Khanty-Mansiysk"]
[Date "2018.11.03"]
[Round "1.1"]
[White "Atalik, Ekaterina"]
[Black "Cori T., Deysi"]
[Result "1/2-1/2"]
[WhiteElo "2445"]
[BlackElo "2406"]
[Annotator "TA"]
[PlyCount "58"]
[EventDate "2018.11.03"]
[EventType "k.o."]
[EventCountry "RUS"]
[SourceTitle "playchess.com"]
[Source "ChessBase"]
[SourceQuality "1"]

{[%evp 25,58,8,23,18,27,22,39,44,48,39,52,35,50,50,50,52,66,52,60,47,64,72,121,114,102,-2,0,-8,-8,-8,-8,-8,-7,-8,-8]} 1. Nf3 Nf6 2. c4 e6 3. Nc3 d5 4. d4 Be7 5. g3 O-O 6. Bg2 dxc4 7. Ne5 Nc6 8. Bxc6 bxc6 9. Nxc6 Qe8 10. Nxe7+ Qxe7 11. Qa4 c5 12. dxc5 {E06: Closed Catalan: Early deviations} Qxc5 13. Be3 Qh5 {LiveBook: 4 Games} (13... Qc7 14. O-O-O Ng4 15. Rd2 Nxe3 16. fxe3 Rb8 17. Rhd1 a5 18. Kb1 h6 19. Ka1 Rb4 {1-0 (49) Caruana,F (2822)-Nakamura,H (2777) Saint Louis 2018}) 14. O-O-O {[%cal Ba1d1,Bd1d2,Bd2d4,Bd4g4][%mdl 32] White has an edge.} Nd5 15. Qa5 $1 ({Reject} 15. Qxc4 Nxc3 16. bxc3 (16. Qxc3 $2 Bb7 $19) 16... Bb7 $15) 15... Bb7 16. f3 Rfe8 $146 ({Predecessor:} 16... Rfd8 17. Rd2 f6 18. Rhd1 Rd6 19. Bc5 Nxc3 20. bxc3 {1-0 (73) Grachev,B (2628)-Geivondian,A (2399) Moscow 2016}) 17. Bd2 f5 18. Bf4 a6 19. Rd2 Rac8 20. Rhd1 Qf7 21. Be5 Re7 22. Rd4 h6 23. g4 fxg4 24. Rxg4 {Hoping for Nxd5.} Qf5 25. Bd4 {[#]} (25. Nxd5 $16 exd5 26. Bd4) 25... Ne3 $1 $36 {[%csl Ge3][%cal Rf5c2][%mdl 2560] The position is equal. Black has the initiative.} 26. Qxf5 (26. Bxe3 Qxa5) 26... exf5 27. Rxg7+ $1 Rxg7 28. Bxe3 Kh7 29. Bf4 Re7 {Precision: White = 70%, Black = 38%.} 1/2-1/2

[Event "FIDE WCC 2018"]
[Site "Khanty-Mansiysk"]
[Date "2018.11.03"]
[Round "1.1"]
[White "Ushenina, Anna"]
[Black "Mkrtchian, Lilit"]
[Result "1-0"]
[WhiteElo "2440"]
[BlackElo "2396"]
[Annotator "TA"]
[PlyCount "59"]
[EventDate "2018.11.03"]
[EventType "k.o."]
[EventCountry "RUS"]
[SourceTitle "playchess.com"]
[Source "ChessBase"]
[SourceQuality "1"]

{[%evp 17,59,0,2,0,102,54,136,147,229,231,225,223,190,143,102,97,154,148,86,43,300,251,237,231,232,231,527,508,493,441,1172,1060,1122,1118,1442,900,867,785,29990,29990,29992,5357,29994,29995]} 1. d4 d5 2. c4 c6 3. Nc3 dxc4 4. e3 b5 {[%cal Bb7b5,Bb5b4][%mdl 32]} 5. a4 b4 6. Ne4 {D10: Slav Defence: 3 cxd5 (without early Nf3) and 3 Nc3} Qd5 7. Ng3 (7. Nd2 c3 8. bxc3 bxc3 9. Nb1 Qa5 10. Qc2 Na6 11. Qxc3 Qxc3+ 12. Nxc3 Nb4 13. Rb1 a5 {1-0 (79) Wojtaszek,R (2750)-Bartel,M (2604) Warsaw 2018}) 7... Nf6 8. Be2 Nbd7 9. Nf3 Ba6 {LiveBook: 3 Games} 10. b3 e5 (10... h5 $11) 11. O-O Rd8 $146 (11... exd4 $1 $14 12. Qxd4 Qe6) ({Predecessor:} 11... exd4 12. Nxd4 Bc5 13. Bb2 c3 14. Bxa6 cxb2 {1-0 (42) Bosboom,M (2476)-Middelburg,T (2326) Wijk aan Zee 1999}) 12. bxc4 $16 Bxc4 {[#]} (12... Qa5 $16 {is a better defense.}) 13. e4 $1 $18 {[%cal Re4d5][%mdl 512]} Bxe2 (13... Nxe4 14. Bxc4) 14. Qxe2 Qe6 15. dxe5 Nxe5 16. Nxe5 Qxe5 17. Bb2 Qe6 18. Nf5 Nd7 $2 {[%mdl 8192]} ({Don't play} 18... Qxe4 $6 19. Qxe4+ Nxe4 20. Rae1 $16) ({Black should play} 18... Nxe4 $14 19. Bxg7 Rg8) 19. Bxg7 Rg8 20. Bxf8 Nxf8 21. Rad1 Rxd1 $2 (21... c5 22. Qf3 Rxd1 23. Rxd1 Rg6) 22. Rxd1 Rg6 23. g3 {Strongly threatening Qa6.} f6 (23... c5 $142 24. h4 Qb6) 24. Rd6 Qb3 25. Rxc6 Ne6 26. Rc1 {White wants to mate with Qb5+.} Qxa4 27. Qc4 Kf7 28. Qc8 Rg5 {[#]} 29. h4 (29. Rc7+ $142 $1 {[%mdl 512]} Nxc7 30. Qxc7+ Kg8 31. Qd8+ Kf7 32. Qe7+ Kg6 33. Qg7+ Kh5 34. Qxh7+ Kg4 35. Qh4+ Kf3 36. Nd4#) 29... Rg6 30. Qb7+ {Precision: White = 69%, Black = 21%.} 1-0

[Event "FIDE WCC 2018"]
[Site "Khanty-Mansiysk"]
[Date "2018.11.03"]
[Round "1.1"]
[White "Ni, Shiqun"]
[Black "Zhukova, Natalia"]
[Result "0-1"]
[WhiteElo "2436"]
[BlackElo "2375"]
[Annotator "TA"]
[PlyCount "112"]
[EventDate "2018.11.03"]
[EventType "k.o."]
[EventCountry "RUS"]
[SourceTitle "playchess.com"]
[Source "ChessBase"]
[SourceQuality "1"]

{[%evp 27,112,0,0,-14,22,17,25,12,9,14,17,15,17,0,0,0,7,11,18,0,0,3,13,-8,-5,-46,-43,-47,-42,-46,-41,-47,-33,-32,-28,-68,-60,-70,-75,-72,-38,-54,-29,-33,-21,-14,-26,-68,-68,-54,-44,-86,-54,-75,-34,-50,-50,-63,-59,-80,-75,-72,-52,-41,-18,-13,0,0,0,0,0,0,0,0,0,0,0,-770,-733,-29988,-29989,-29989,-29990,-29990,-29991,-29991,-29992]} 1. e4 {Hansen,LB} e6 2. d4 d5 3. Nd2 c5 4. Ngf3 cxd4 5. exd5 Qxd5 6. Bc4 Qd8 7. O-O Nc6 8. Nb3 a6 9. Nbxd4 Nxd4 10. Nxd4 Qc7 11. Bd3 Bd6 12. h3 Nf6 13. c3 O-O {C07: French Tarrasch: 3...c5, 4 Ngf3 and 4 exd5 Qxd5} 14. Bg5 Nd5 {LiveBook: 3 Games} 15. Bc2 {[#]} Be7 $146 {The position is equal.} ({Predecessor:} 15... b5 16. Nf5 Bh2+ 17. Kh1 Bb7 18. Ng3 Bxg3 19. Qd3 f5 20. Qxg3 e5 21. Rad1 {1-0 (34) Hracek,Z (2530)-Dreev,A (2650) Brno 1994 CBM 043 [Hansen,LB]}) 16. Bxe7 Nxe7 17. Qh5 {[%csl Gc2][%cal Rh5h7]} g6 18. Qg5 Kg7 19. Rfe1 f6 20. Qe3 {Hoping for Qxe6.} e5 21. Rad1 Re8 22. Nb3 Bf5 23. Be4 Rad8 24. Nc5 Bc8 25. Nb3 b6 26. Bf3 a5 27. Qe2 Be6 28. Rxd8 Rxd8 29. Rd1 Rxd1+ 30. Qxd1 a4 31. Nc1 {[#]} a3 $1 {[%mdl 512]} 32. Qd2 (32. bxa3 Qxc3) 32... axb2 33. Qxb2 f5 34. Bd1 Bc4 35. Bb3 Nd5 36. Ne2 Qc5 37. Qd2 f4 38. Qc2 Nf6 39. Bxc4 Qxc4 40. Kf1 Qc6 41. Qb2 Qd6 {[%cal Rd6d1]} 42. Kg1 g5 43. c4 g4 44. Qc2 h5 45. hxg4 hxg4 {White should prevent ...Qc5.} (45... Qb4 {is more complex.} 46. Kf1 hxg4 47. Nc1 Qd6 48. Qd3 Qc6) 46. g3 f3 47. Nc3 Qd4 48. Nd1 Ne4 49. Kh2 $1 Kg6 50. Ne3 Kg5 {aiming for ...Nxg3!} 51. Qc1 Kh5 52. Qe1 $2 {[%mdl 8192] [#]} (52. Qb1 $11) 52... Qb2 $1 $19 {[%csl LRa2,LRf2]} 53. Nxg4 Qe2 {Black mates.} 54. Qxe2 fxe2 55. Nxe5 e1=Q 56. g4+ Kh6 {Precision: White = 59%, Black = 61%.} 0-1

[Event "FIDE WCC 2018"]
[Site "Khanty-Mansiysk"]
[Date "2018.11.03"]
[Round "1.1"]
[White "Tokhirjonova, Gulrukhbegim"]
[Black "Kashlinskaya, Alina"]
[Result "1-0"]
[WhiteElo "2435"]
[BlackElo "2477"]
[Annotator "TA"]
[PlyCount "81"]
[EventDate "2018.11.03"]
[EventType "k.o."]
[EventCountry "RUS"]
[SourceTitle "playchess.com"]
[Source "ChessBase"]
[SourceQuality "1"]

{[%evp 15,81,11,6,9,38,17,24,13,31,41,44,24,43,0,11,10,12,0,0,0,0,0,0,-16,-14,-14,-4,-17,-25,-28,-29,-52,0,0,0,0,0,0,0,-9,0,0,0,0,0,0,0,-40,-30,-28,-28,-52,-8,-126,-8,-8,-8,-8,-8,-11,-20,-103,139,151,303,327,5369,5361]} 1. e4 e5 2. Nf3 Nf6 3. Nxe5 d6 4. Nf3 Nxe4 5. Nc3 Nxc3 6. dxc3 Be7 7. Be3 Nc6 {C42: Russische Verteidigung (Petrow)} 8. Bc4 O-O {LiveBook: 6 Partien} 9. Qe2 Ne5 {Die Stellung ist ausgeglichen.} 10. Nxe5 dxe5 11. Bd3 Be6 12. O-O-O {[#] Schwarz muss nun Lxh7+! beachten.} Qe8 13. Kb1 f5 {[#]} 14. Bc4 $146 ({Vorgänger:} 14. f3 Qf7 15. b3 Bd6 16. Rhf1 Kh8 17. Bc1 b6 18. h4 Qh5 19. Qe1 {½-½ (38) Sasikiran,K (2669)-Ivanchuk,V (2738) Matanzas 2017}) 14... Qf7 15. Bxe6 Qxe6 16. Qb5 b6 $1 17. Rd5 Bd6 18. Re1 Rae8 19. Qc6 Qg6 20. Bc1 Qh5 21. Qc4 {Und weiter mit Txd6+ wäre nett.} Kh8 22. h3 Qg6 23. g3 Qh5 ({Lieber} 23... f4 $15) 24. Qf1 $11 Qf3 25. Rd3 Qc6 26. Rdd1 a5 27. h4 a4 28. a3 h6 29. c4 Bc5 30. Rd5 Qf6 31. Be3 Bxe3 32. fxe3 Qg6 33. Rd7 Qxg3 34. Rxc7 (34. Qg1 $1 $11 {war der einzige Weg, das Gleichgewicht zu behalten.} f4 35. Rxc7) 34... f4 (34... Qxh4 $17 {und nun wäre ...Tc8 stark für Schwarz.} 35. Qg1 Qf6) 35. Qg1 $1 Rd8 36. exf4 $1 exf4 {Droht ...Td2.} 37. Rce7 Rd2 38. h5 (38. Re8 $11 {hält das Gleichgewicht.} Rxe8 39. Rxe8+ Kh7 40. Qxb6) 38... Rg2 $2 (38... Qxg1 $17 {hält den Druck.} 39. Rxg1 f3) 39. Qxb6 $16 {Te8 ist eine echte Drohung.} f3 $2 (39... Kh7 $16 {war einen Versuch wert.}) 40. Re8 $18 Qf4 $2 {[#]} (40... Kh7 41. Qd4 Qf4) 41. Qd8 $1 {Precision: Weiß = 48%, Schwarz = 44%.} 1-0

[Event "FIDE WCC 2018"]
[Site "Khanty-Mansiysk"]
[Date "2018.11.03"]
[Round "1.1"]
[White "Krush, Irina"]
[Black "Gaponenko, Inna"]
[Result "1/2-1/2"]
[WhiteElo "2434"]
[BlackElo "2420"]
[Annotator "TA"]
[PlyCount "89"]
[EventDate "2018.11.03"]
[EventType "k.o."]
[EventCountry "RUS"]
[SourceTitle "playchess.com"]
[Source "ChessBase"]
[SourceQuality "1"]

{[%evp 23,89,35,47,24,33,18,30,23,19,20,18,31,16,3,12,0,0,0,0,0,0,0,0,0,0,0,0,0,0,0,0,0,7,0,0,0,0,0,10,12,12,21,16,16,16,24,31,15,27,24,15,13,79,0,0,0,0,0,0,0,0,0,0,0,0,0,0,0]} 1. d4 Nf6 2. c4 g6 3. Nc3 Bg7 4. e4 d6 5. Nf3 O-O 6. Be2 e5 7. O-O exd4 8. Nxd4 Re8 9. f3 Nc6 10. Be3 Nh5 11. Nxc6 bxc6 12. Qd2 f5 {LiveBook: 119 Games} 13. Rae1 {E94: King's Indian: Classical: 6 Be2 e5 7 0-0: Various Black 7th moves} (13. c5 f4 14. Bf2 Be5 15. cxd6 cxd6 16. Bd4 Be6 17. Rfd1 Nf6 18. Bxe5 dxe5 19. Na4 Qxd2 20. Rxd2 Red8 21. Rc2 {1-0 (37) Lysyj,I (2631)-Savitskiy,S (2413) Cheliabinsk 2018}) 13... f4 $146 ({Predecessor:} 13... Rb8 14. Bd3 f4 15. Bxa7 c5 16. Bxb8 Bd4+ 17. Rf2 Qh4 18. Nb5 Re5 19. Nxd4 cxd4 20. Kf1 Qxh2 21. Ke2 Ng3+ 22. Kd1 g5 23. Bxc7 {1-0 (23) Hamilton,R (2304)-Rolfe,W (2042) Guelph 2002}) 14. Bxf4 Nxf4 15. Qxf4 {White has an edge.} Bd4+ 16. Kh1 Rb8 17. Qd2 Qf6 18. Rd1 Be5 19. f4 Bxc3 $1 20. bxc3 Rxe4 21. c5 d5 22. Bd3 Ra4 23. Rde1 {[#] Black must now prevent Re8+.} Bf5 24. Bxf5 gxf5 25. Re5 Re4 26. Re1 Qf8 27. h3 {Threatening R1xe4.} Re8 $1 28. R1xe4 dxe4 29. Qd7 Rxe5 30. fxe5 $11 {[%mdl 4096] [#] Endgame aiming for e6. KQ-KQ} e3 31. e6 {Hoping for e7.} e2 32. Qd2 Qf6 $1 {[%cal Rf6e6]} 33. Qxe2 {Strongly threatening e7.} Kf8 34. Qd3 {And now Qd7 would win.} Qxe6 35. Qd8+ Kf7 36. Qxc7+ Kf6 37. Qd8+ Kf7 (37... Kg6 $1 $11 {keeps the balance.}) 38. Qb8 ({Better is} 38. Qh4 $16) 38... Qxa2 {The position is equal.} 39. Qc7+ Kf6 40. Qd8+ Kf7 41. Qh8 Kg6 42. Qe8+ Kf6 43. Qh8+ Kg6 44. Qe8+ Kf6 45. Qh8+ {Precision: White = 60%, Black = 83%.} 1/2-1/2